000 01104naa a22002897a 4500
001 BR7904341
003 BR-BrBNA
005 20250716090231.0
007 ta
008 250630b bl.|||m| |||| 00| 0 por d
040 _aBR-BrBNA
_bpor
_cBiblioteca Nacional de Agricultura
041 _a(Pt)
072 _aH60
_b0430
_bG514
090 _aH60 BR7904341
100 1 _aBeltrao, N.E. de M.
100 1 _aAzevedo, D.M.P. de
111 1 _a3. Reuniao Anual sobre o Algodoeiro Arboreo Moco
_cCampina Grande, PB (Brazil)
_dDec 1978
245 1 _aInfluencia competitiva das plantas daninhas sobre o algodoeiro arboreo Gossypium hirsutum, raca Marie galante, Hutch, nos Estados da Paraiba e Rio Grande do Norte [Brasil]
500 _aTratos culturais Campina Grande, PB (Brasil): 1979. p. 26-42 [Summaries (En, Pt)] (BR7904341-AMS)
650 _aERVA DANINHA
650 _aALGODAO ARBOREO
650 _aPARAIBA
650 _aRIO GRANDE DO NORTE
490 _aBoletim Tecnico - Centro Nacional de Pesquisa do Algodao (Brazil)
_vno. 1
942 _cAMS
_2AGRIS
909 _a202506
_bLúcia
_c55
_dLúcia Elande
999 _c333361
_d333361